000 00817nam a2200229Ia 4500
003 IN-BaIIA
008 211028s9999 xx 000 0 eng d
020 _a0-937707-23-6
040 _cIIA Library
080 _a082.2:52
_bASP-6
245 0 _aSynthesis imaging in radio astronomy
_cedited by Richard A. Perley, Frederic R. Schwab and Alan H. Bridle
260 _aSan Francisco
_bAstronomical Society of the Pacific
_c1989
300 _axxi, 509p.
490 _aASP conference series; v. 6
650 _aAstronomy and Astrophysics Thesaurus
650 _aRadio astronomy
_92849
650 _aSynthesis imaging
_916437
700 _aBridle, Alan H., ed.
_916438
700 _aPerley, Richard A., ed.
_916439
700 _aSchwab, Frederic R., ed.
_916440
942 _cBK
999 _c9719
_d9719